New Materials Trend Vol IV (Record no. 14018)
[ view plain ]
| 000 -LEADER | |
|---|---|
| fixed length control field | 00252nam a2200109Ia 4500 |
| 008 - FIXED-LENGTH DATA ELEMENTS--GENERAL INFORMATION | |
| fixed length control field | 260210s9999 xx 000 0 und d |
| 020 ## - INTERNATIONAL STANDARD BOOK NUMBER | |
| International Standard Book Number | 9781965540022 |
| 100 ## - MAIN ENTRY--PERSONAL NAME | |
| Personal name | Utopia |
| 245 #0 - TITLE STATEMENT | |
| Title | New Materials Trend Vol IV |
| 260 ## - PUBLICATION, DISTRIBUTION, ETC. (IMPRINT) | |
| Name of publisher, distributor, etc | Utopia |
| 942 ## - ADDED ENTRY ELEMENTS (KOHA) | |
| Item type | PG Books |
| Source of classification or shelving scheme | |
| Withdrawn status | Lost status | Source of classification or shelving scheme | Damaged status | Koha normalized classification for sorting | Not for loan | Permanent location | Current location | Shelving location | Date acquired | Full call number | Barcode | Date last seen | Price effective from | Koha item type |
|---|---|---|---|---|---|---|---|---|---|---|---|---|---|---|
| 690_000000000000000 | BMS College of Architecture, Design and Planning | BMS College of Architecture, Design and Planning | General Stacks | 2025-12-02 | 690 | AR-PG794 | 2026-02-10 | 2026-02-10 | PG Books |